000 01166nam0a22002531 4500
001 rc\848011
005 20041129092533.3
035 _a(NLR Aleph) 006028852
090 _a7506986
_c7506986
100 _a20041129f19911998u |0rusy50 ca
101 0 _arus
102 _aRU
105 _aa |||||||||
200 1 _aМосковская координатная станция АТА-АПС
_eМетод. разраб.
_fМ-во связи СССР. Моск. электротехн. ин-т связи. Каф. передачи дискрет. информ. и телеграфия
_g[Сост. С.Т. Малиновский]
210 _aМ.
_cБ. и.
_dБ. г.
215 _a15 с., 1 л. схем.
_d20
320 _aБиблиогр.: с. 14
702 1 _aМалиновский
_bС. Т.
_gСвятослав Трофимович
_4220
712 0 2 _aМосковский электротехнический ин-т связи
_bКафедра передачи дискретной информации и телеграфии
_3RU\NLR\AUTH\889932176
801 0 _aRU
_bNLR
_gpsbo
801 1 _aRU
_bELAR
_2rusmarc
852 _aNLR
_j83-4/19438
942 _cBOOK
980 _aNB